[Event "Skilling Open CCT KO 2021"]
[Site "Online"]
[Date "2020.11.25"]
[Round "1.10"]
[White "So, Wesley"]
[Black "Radjabov, Teimour"]
[Result "1/2-1/2"]
[WhiteElo "2741"]
[BlackElo "2758"]
[Annotator "TA"]
[PlyCount "90"]
[EventDate "2020.11.20"]
[EventType "k.o."]
[EventCountry "NET"]
[SourceTitle "playchess.com"]
[Source "ChessBase"]
[SourceQuality "1"]

{[%evp 24,90,30,14,12,6,0,0,0,7,10,6,16,1,30,28,28,0,0,0,7,-15,-8,-9,-6,-72,-45,-39,-30,-48,-47,-47,-43,-50,83,-55,-33,-125,-41,-37,-40,-47,-31,-32,0,0,0,0,0,0,0,0,0,-2,0,-18,-22,-39,0,0,0,0,0,-29,0,0,0,-42,0]} 1. e4 c5 2. Nf3 Nc6 3. d4 cxd4 4. Nxd4 e5 5. Nb5 d6 6. N1c3 a6 7. Na3 b5 8. Nd5 Nf6 9. Bg5 Be7 10. Bxf6 Bxf6 11. c3 Rb8 12. Nc2 Bg5 13. a3 O-O {13...a5 is not played anymore. B33: Sicilian: Pelikan and Sveshnikov Variations.} 14. h4 Bh6 15. g4 {[#] Black must now prevent g5.} f6 $1 {The position is equal. has lost popularity (15...Bf4).} 16. Be2 Ne7 {[#]} 17. Ncb4 $146 {Hoping for Nxe7+.} ({Predecessor:} 17. Nxe7+ Qxe7 18. Nb4 Bb7 19. Nd5 Qf7 20. c4 Bxd5 21. Qxd5 Qxd5 22. cxd5 Rfc8 23. Rh3 Kf7 24. Kd1 Ke7 25. Rc3 Rxc3 26. bxc3 {1-0 (26) Baroin,B (2272)-Cooper,N (2000) ICCF email 2006}) 17... Bb7 18. Qd3 Kh8 19. Rd1 Rc8 20. Bf3 Nxd5 21. Nxd5 Rc5 22. Ne3 Bxe3 23. Qxe3 Rc4 24. b3 (24. h5 $11) 24... Rc8 25. O-O Qa5 26. b4 Qxa3 27. Rd3 Rc6 28. Rfd1 h6 {[#]} (28... Rg8 $15 {keeps the upper hand.}) 29. Bg2 (29. g5 $1 $16) 29... Qb3 $1 $15 {Strongly threatening ...Rxc3!} 30. Rxd6 ({Better is} 30. Qd2 $15) 30... Qxc3 (30... Rxc3 $17 31. Qe2 Qxb4) 31. Qxc3 Rxc3 32. g5 hxg5 33. hxg5 Rc4 34. Rd8 Rc8 35. R8d7 Bc6 36. Ra7 fxg5 37. Rxa6 g4 38. Rb6 Be8 39. Rd2 Rc1+ 40. Kh2 Rc3 {White should prevent ...Bc6.} 41. Rb8 Kh7 42. Kg1 Rc1+ 43. Kh2 Rc3 44. Kg1 Rc1+ 45. Kh2 Rc3 {Weighted Error Value: White=0.22/Black=0.15} 1/2-1/2

[Event "Skilling Open CCT KO 2021"]
[Site "Online"]
[Date "2020.11.25"]
[Round "1.11"]
[White "Vachier-Lagrave, Maxime"]
[Black "Nakamura, Hikaru"]
[Result "1/2-1/2"]
[WhiteElo "2860"]
[BlackElo "2829"]
[Annotator "TA"]
[PlyCount "151"]
[EventDate "2020.11.20"]
[EventType "k.o."]
[EventCountry "NET"]
[SourceTitle "playchess.com"]
[Source "ChessBase"]
[SourceQuality "1"]

{[%evp 12,151,17,12,17,13,13,13,12,10,23,13,21,15,23,19,33,17,21,0,0,0,7,7,16,13,18,8,15,25,25,9,7,7,7,7,7,14,22,14,12,8,6,3,29,23,18,29,22,0,8,6,6,3,14,8,14,13,20,0,0,0,0,-13,0,-8,0,0,0,0,0,0,0,0,0,0,0,0,0,0,0,0,0,0,0,0,0,0,0,0,0,0,0,0,0,0,0,0,0,0,0,0,0,0,0,0,0,0,0,0,8,8,8,8,8,8,8,8,8,8,8,8,8,8,8,8,8,8,8,0,8,8,8,8,8,8,8,8,8,8,8,0]} 1. e4 e5 2. Nf3 Nc6 3. Bc4 Bc5 4. O-O Nf6 5. d3 d6 6. c3 h6 {6...a6 is a critical line.} 7. Re1 O-O {C54: Giuoco Piano: 4 c3 Nf6, main lines with 5 d4 and 5 d3.} 8. Nbd2 a5 9. Nf1 Be6 10. Bb5 Ne7 11. d4 exd4 12. cxd4 Bb6 13. Ng3 d5 14. e5 Ne4 $1 15. Bd3 Nxg3 16. hxg3 Bg4 17. Bc2 c5 {[#]} 18. dxc5 $146 ({Predecessor:} 18. Be3 cxd4 19. Bxd4 Rc8 20. Rc1 Rc4 21. Bxb6 Qxb6 22. b3 Rc7 23. Bb1 Rfc8 24. Rxc7 Qxc7 {½-½ (44) Carlsen,M (2863)-Nakamura,H (2736) chess24.com INT 2020}) 18... Bxc5 19. Be3 Rc8 20. Bxc5 Rxc5 21. Qd2 Qc7 22. Bd3 Nc6 23. Qe3 Nb4 24. Nd4 Nxd3 25. Qxd3 Qb6 26. b3 Rfc8 27. Kh2 Qb4 (27... Rc3 $5 28. Qd2 $8 Qg6 $11) 28. Qe3 Rc3 29. Qf4 Bd7 30. Red1 {The position is equal.} a4 31. Ne2 {[%mdl 64] [#] Discovered Attack} Qxf4 32. Nxf4 Be6 ({But not} 32... axb3 $6 33. Nxd5 Bg4 34. Nxc3 $16) 33. bxa4 Rc2 34. Kg1 Ra8 35. Rd4 Rc4 36. Rd2 Rcxa4 37. Ne2 d4 38. Nxd4 Bxa2 39. f4 Bc4 40. Rb1 Ra1 41. Rdb2 Bd5 42. Rxa1 Rxa1+ $11 {[%mdl 4096] Endgame KRB-KRN} 43. Kf2 Ra2 44. Rxa2 Bxa2 {KB-KN} 45. g4 Bc4 46. Ke3 b5 47. Nc6 Kf8 48. g3 Bd5 49. Nb4 Bb3 50. f5 Bd1 51. Kf4 g5+ 52. fxg6 $1 fxg6 53. g5 hxg5+ 54. Kxg5 Kf7 55. Kf4 Ke6 56. Ke4 Bb3 57. Na6 $1 {[%cal Ra6c5] Hoping for Nc5+.} Ke7 58. Kd4 Bd1 59. Nc7 Be2 60. Nd5+ Kf7 {[#]} 61. e6+ $1 {[%mdl 576] Decoy. Cut Off at move 61} Kxe6 62. Nf4+ {[%mdl 64] Double Attack} Kf5 {...Bc4 is the strong threat.} 63. Nxe2 {Strongly threatening Ke3. KN-KPP} Kg4 64. Ke3 b4 65. Kf2 {aiming for Nd4.} b3 66. Kg2 $1 b2 67. Nc3 Kf5 68. Kf3 Ke5 69. Ke3 Kf5 70. Kf3 Ke5 71. Nb1 Kd4 72. Ke2 Ke4 73. Nc3+ Kf5 74. Ke3 Kg4 75. Kf2 Kf5 76. Kf3 {A rather calm draw.  Weighted Error Value: White=0.02/Black=0.03} 1/2-1/2

[Event "Skilling Open CCT KO 2021"]
[Site "Online"]
[Date "2020.11.25"]
[Round "1.11"]
[White "Radjabov, Teimour"]
[Black "So, Wesley"]
[Result "1/2-1/2"]
[WhiteElo "2758"]
[BlackElo "2741"]
[Annotator "TA"]
[PlyCount "68"]
[EventDate "2020.11.20"]
[EventType "k.o."]
[EventCountry "NET"]
[SourceTitle "playchess.com"]
[Source "ChessBase"]
[SourceQuality "1"]

{[%evp 9,68,-13,-11,-18,-3,-5,0,0,4,-10,-4,-15,-8,-31,-31,-43,-39,-61,-45,-38,-36,-75,-56,-69,-83,-91,-36,-78,-91,-79,-86,-114,-97,-98,-78,-457,-475,-720,-762,-758,-745,-728,-711,-835,-827,-900,-737,-723,-731,-743,-738,-741,-737,-700,-691,-671,0,-687,0,-658,0]} 1. Nf3 d5 2. e3 Nf6 3. b3 e6 4. Bb2 Be7 5. g3 O-O 6. Bg2 {A06: Réti Opening: 1 Nf3 d5.} c5 7. O-O Nc6 8. d3 {The position is equal.} b6 9. Nbd2 Bb7 10. Re1 Nd7 11. e4 {[#]} d4 $146 ({Predecessor:} 11... Re8 12. Nf1 Bf6 13. e5 Be7 14. c3 f6 15. d4 fxe5 16. dxe5 g6 {½-½ (41) Foglieni,M (1961)-Romagnoli,T (1708) Bratto 2014}) 12. h4 b5 13. a3 Rc8 14. Qe2 Qc7 15. Bc1 Nb6 16. Ng5 h6 17. Nh3 {[#]} c4 $1 {[%mdl 512]} 18. bxc4 bxc4 19. Nf4 Ne5 20. Nf3 cxd3 21. cxd3 Nxf3+ 22. Qxf3 $4 {[%mdl 8192]} (22. Bxf3 $17 {nothing else works.} Na4 23. Bg2) 22... Qc3 $1 $19 {[%csl LRa1,LRe1][%mdl 64] [#] Double Attack} 23. Rd1 (23. Be3 $142 dxe3 24. Qxe3) 23... Qxa1 24. Bd2 Qxa3 25. Nh5 Rc5 26. Bh3 Kh7 27. Qg4 Rxh5 28. Qxh5 Qxd3 29. Bg2 Qc2 30. Bf4 Bxe4 31. Rc1 Qd3 32. Rd1 Qc2 {Hoping for ...Bxg2.} 33. Rc1 $1 Qd3 34. Rd1 Qc2 $2 {Weighted Error Value: White=0.45/Black=0.27} (34... Bg6 $19 35. Rxd3 Bxh5 36. Rxd4 Rc8) 1/2-1/2

[Event "Skilling Open CCT KO 2021"]
[Site "Online"]
[Date "2020.11.26"]
[Round "2.1"]
[White "Carlsen, Magnus"]
[Black "Nepomniachtchi, Ian"]
[Result "1-0"]
[WhiteElo "2881"]
[BlackElo "2778"]
[Annotator "TA"]
[PlyCount "51"]
[EventDate "2020.11.20"]
[EventType "k.o."]
[EventCountry "NET"]
[SourceTitle "playchess.com"]
[Source "ChessBase"]
[SourceQuality "1"]

{[%evp 14,51,22,22,18,29,29,29,23,25,27,13,19,12,28,8,20,12,250,254,254,247,255,247,312,312,339,356,341,340,312,314,371,309,578,548,745,744,715,704]} 1. d4 Nf6 2. c4 g6 3. Nc3 d5 4. cxd5 Nxd5 5. Bd2 Bg7 6. e4 Nxc3 7. Bxc3 O-O 8. Qd2 Nc6 {[%cal Rc6d4] D85: Exchange Grünfeld: Unusual White 7th moves and lines with 7 Nf3.} 9. Nf3 Bg4 {Threatening ...Bxf3.} 10. d5 {aiming for Bxg7.} Bxf3 {White has an edge.} 11. Bxg7 Kxg7 12. gxf3 Ne5 13. O-O-O c6 14. Bh3 {[#] Strongly threatening f4.} Kg8 $146 ({Predecessor:} 14... Qc7 15. Qc3 Kg8 16. f4 Nd7 17. e5 Rad8 18. Kb1 Nb6 19. Bg2 Qc8 20. Bh3 Qc7 21. Bg2 Qc8 22. Bh3 {½-½ (22) Keskowski,T (2399)-Ristea,T (2351) ICCF email 2017}) 15. Qc3 $36 {[%mdl 2048] White is more active.} Qb8 $2 {[#] This move loses the game for Black.} (15... Qc7 $11 {and Black is okay.}) 16. d6 $1 $18 {[%mdl 512]} exd6 17. f4 Re8 18. Rhe1 ({Don't take} 18. fxe5 $6 Rxe5 19. Qg3 Rxe4 $16) 18... a5 19. Kb1 ({Don't do} 19. fxe5 Rxe5 20. Kb1 Qe8 $18) 19... a4 20. fxe5 Rxe5 21. f4 Rc5 22. Qf6 a3 23. b3 Rh5 $2 (23... Qd8 {was necessary.} 24. Qxd6 Qxd6 25. Rxd6 Rh5) 24. Rxd6 {And now Rd7 would win.White is clearly winning.} Qe8 {[#]} 25. Be6 $1 {[%mdl 512]} fxe6 {[#]} 26. Red1 $1 {Weighted Error Value: White=0.06/Black=0.60} 1-0

[Event "Skilling Open CCT KO 2021"]
[Site "Online"]
[Date "2020.11.26"]
[Round "2.1"]
[White "Nakamura, Hikaru"]
[Black "So, Wesley"]
[Result "1/2-1/2"]
[WhiteElo "2829"]
[BlackElo "2741"]
[Annotator "TA"]
[PlyCount "75"]
[EventDate "2020.11.20"]
[EventType "k.o."]
[EventCountry "NET"]
[SourceTitle "playchess.com"]
[Source "ChessBase"]
[SourceQuality "1"]

{[%evp 10,75,9,0,0,0,-3,-3,9,9,16,14,18,18,30,0,15,24,11,0,0,-66,-64,-56,-36,-70,-78,-76,-63,-76,-61,-64,-53,-52,-54,-92,0,-13,0,0,0,0,0,-5,-9,-59,8,8,8,8,8,8,8,8,8,8,6,0,0,0,0,0,0,0,0,0,0,0]} 1. e4 e5 2. Bc4 Nf6 3. d3 Nc6 4. Nc3 Bb4 5. Nf3 (5. Nge2 d5 6. exd5 Nxd5 7. O-O Bxc3 8. bxc3 Be6 9. Bxd5 Qxd5 10. c4 Qd7 11. Ba3 O-O-O 12. Rb1 e4 13. Nf4 Bf5 14. Nd5 Rhe8 15. Qd2 f6 16. Qc3 b6 {½-½ (43) Nakamura,H (2777)-So,W (2780) chess.com INT 2018}) 5... d6 6. h3 Na5 {C28: Vienna Game: 2...Nf6 3 Bc4 Nc6.} 7. Bb3 O-O 8. O-O c6 9. Ne2 Nxb3 10. axb3 {[#]} Ba5 $146 ({Predecessor:} 10... d5 11. Nxe5 Re8 12. Nf3 dxe4 13. dxe4 Nxe4 14. Qxd8 Rxd8 15. Ra4 a5 16. c3 b5 {0-1 (37) Guerrero Sierra,J (2234)-Martinez Ramirez,L (2374) Santa Clara 2015}) 11. Ng3 h6 12. Nh4 Bc7 13. Nhf5 d5 14. Qf3 Kh7 15. Nh5 ({Better is} 15. Re1 $11) 15... g6 $15 16. Nxf6+ Qxf6 17. Nd4 ({Wrong is} 17. Bxh6 $2 Rg8 $19) 17... Qd6 18. Ne2 f5 19. exf5 Bxf5 20. Ng3 {[#]} e4 $1 {[%mdl 512]} 21. dxe4 Bxe4 {[%mdl 64] Double Attack} 22. Qe3 h5 ({Black should try} 22... g5 $17 {aiming for ...Bg6.} 23. Rxa7 Rxa7 24. Qxa7 Bxc2) 23. c4 Kg8 24. c5 Qe5 25. f4 Qe7 26. Nxe4 dxe4 27. Ra4 {[%cal Ba1a4,Ba4e4,Be4e7][%mdl 32]} Rf5 (27... Rae8 $1 $15) 28. Rxe4 $11 {The position is equal.} Qxc5 29. Qxc5 Rxc5 30. Re7 Bb6 {[#] ...Rxc1+ is the strong threat.} 31. Be3 Rb5 32. Bxb6 Rxb6 {[%mdl 4096] Endgame KRR-KRR} 33. f5 Rf8 34. f6 Rf7 35. Re8+ Rf8 36. Re7 Rf7 37. Re8+ Rf8 38. Re7 {Weighted Error Value: White=0.10/Black=0.12} 1/2-1/2

[Event "Skilling Open CCT KO 2021"]
[Site "Online"]
[Date "2020.11.26"]
[Round "2.2"]
[White "Nepomniachtchi, Ian"]
[Black "Carlsen, Magnus"]
[Result "1/2-1/2"]
[WhiteElo "2778"]
[BlackElo "2881"]
[Annotator "TA"]
[PlyCount "106"]
[EventDate "2020.11.20"]
[EventType "k.o."]
[EventCountry "NET"]
[SourceTitle "playchess.com"]
[Source "ChessBase"]
[SourceQuality "1"]

{[%evp 19,106,0,7,0,0,7,0,-16,-15,-15,-15,-15,-15,-15,-15,-15,-15,-13,-2,-12,0,-71,-24,-29,0,0,0,-60,0,-13,0,0,0,0,0,0,0,0,0,0,0,0,47,67,75,62,132,137,134,148,234,228,237,227,224,218,222,218,229,227,189,204,198,185,141,141,321,324,300,311,269,270,224,218,1183,1158,1140,1060,2859,2619,1173,8,8,8,8,8,8,8,8]} 1. e4 c5 2. Nf3 Nc6 3. Nc3 g6 4. d4 cxd4 5. Nxd4 Bg7 6. Be3 Nf6 7. Bc4 O-O 8. Bb3 d6 9. h3 Na5 10. O-O b6 11. Qd2 {B72: Sicilian Dragon: 6 Be3, lines with h3+Bc4 and sidelines.} Bb7 12. f3 Rc8 {[#]} 13. Bh6 $146 ({Predecessor:} 13. Rad1 a6 14. Qf2 Nxb3 15. cxb3 Qc7 16. Qh4 b5 17. a3 Rfd8 18. Rfe1 Ba8 19. Bh6 Qc5 20. Bxg7 Kxg7 21. b4 Qb6 22. Qf2 Kg8 {½-½ (22) Andreikin,D (2509)-Korotylev,A (2615) Moscow 2007}) 13... Bxh6 14. Qxh6 e5 15. Nde2 $1 b5 16. a3 Nxb3 17. cxb3 d5 18. exd5 Nxd5 19. Kh1 Qb6 20. Ne4 (20. Nxd5 $1 $11 Bxd5 21. b4) 20... f6 (20... f5 $5 {[%cal Rf5e4]} 21. Ng5 Rc7 $15) 21. Rfc1 Ne7 (21... a5 {keeps more tension.} 22. Rxc8 Rxc8 23. Rc1 Rxc1+ 24. Qxc1 Kg7) 22. Rxc8 Rxc8 23. Rc1 ({White should play} 23. N2g3 $11) 23... Bxe4 (23... Rd8 $15 24. Re1 Bxe4 25. fxe4 b4) 24. fxe4 Rxc1+ (24... a6 {feels hotter.} 25. b4 Rc6 26. Rd1 Qc7 27. Rd3 Rc2) 25. Qxc1 a6 26. Qd1 Kf7 27. b4 Qe6 28. Nc3 Nc6 29. Nd5 {aiming for Nc7.} Qd6 30. Qc1 Ne7 31. Qc7 Qxc7 32. Nxc7 $14 {[%mdl 4096] Endgame KN-KN} Nc8 (32... Nc6 $14) 33. Nxa6 $16 Nd6 {[#]} 34. Nc7 $1 Ke7 {[#]} (34... f5 $16) 35. Nd5+ $1 $18 Ke6 36. Nc3 f5 37. Kg1 f4 38. b3 Kd7 39. a4 g5 40. Kf2 (40. Nxb5 $2 Nxb5 41. Kf2 (41. axb5 $2 h5 $19) 41... Nc3 $19) (40. axb5 $6 h5 $16) 40... h5 41. Kf3 ({Don't blunder} 41. Nxb5 $2 Nxb5 42. g3 (42. axb5 $2 Kc7 $19) 42... Nd4 $19) (41. axb5 $6 Kd8 $16) 41... Kc6 42. Nd5 {And now Nf6 would win.} g4+ $2 (42... Ne8 $16 43. a5 Kb7) 43. hxg4 hxg4+ 44. Kxg4 Nxe4 45. Ne7+ Kd6 46. Ng6 Nf6+ $2 (46... Ke6 47. a5 (47. axb5 Nf6+ 48. Kg5 Nd7 $16) 47... Nd6) 47. Kf5 Nd5 48. Nxe5 bxa4 49. bxa4 Nxb4 50. Ng6 $2 (50. Ke4 $18 {Threatens to win with a5.} Nd5 51. a5) 50... Nd5 $1 $11 {The position is equal.} 51. Nxf4 Ne3+ 52. Ke4 Nxg2 $1 53. Nxg2 {White wants to mate with Kd4.} Kc5 {Weighted Error Value: White=0.24/Black=0.15} 1/2-1/2

[Event "Skilling Open CCT KO 2021"]
[Site "Online"]
[Date "2020.11.26"]
[Round "2.2"]
[White "So, Wesley"]
[Black "Nakamura, Hikaru"]
[Result "1-0"]
[WhiteElo "2741"]
[BlackElo "2829"]
[Annotator "TA"]
[PlyCount "81"]
[EventDate "2020.11.20"]
[EventType "k.o."]
[EventCountry "NET"]
[SourceTitle "playchess.com"]
[Source "ChessBase"]
[SourceQuality "1"]

{[%evp 12,81,19,22,18,8,18,13,12,11,25,11,24,20,24,13,24,-19,0,0,0,0,0,0,0,0,45,24,75,54,60,55,54,47,62,45,44,31,61,0,63,73,72,38,60,53,118,0,10,0,108,125,198,195,303,291,416,411,538,549,550,548,524,530,811,760,739,363,29994,29995,29995,29996]} 1. e4 e5 2. Nf3 Nc6 3. Bc4 Bc5 4. c3 Nf6 5. d3 d6 6. O-O h6 {6...a6 is setting a new trend.} 7. Re1 O-O {C54: Giuoco Piano: 4 c3 Nf6, main lines with 5 d4 and 5 d3.} 8. Nbd2 a5 9. Nf1 Be6 {The position is equal.} 10. Bb5 Bb6 (10... Ne7 11. d4 exd4 12. cxd4 Bb4 13. Re2 c6 14. Bd3 a4 15. a3 Ba5 16. Qxa4 Bg4 17. Qd1 Bxf3 18. gxf3 {1-0 (38) So,W (2780)-Nakamura,H (2777) chess.com INT 2018}) 11. Ng3 {[#]} Nh7 $146 ({Predecessor:} 11... Ne7 12. h3 Nd7 13. d4 f5 14. dxe5 Nxe5 15. Nd4 Bc8 16. exf5 Nxf5 17. Ngxf5 Bxf5 {1-0 (66) Ding,L (2791)-Nakamura,H (2736) chess.com INT 2020}) 12. h3 Ng5 13. Nxg5 hxg5 14. d4 exd4 15. Bxc6 bxc6 16. cxd4 c5 17. d5 Bd7 18. a4 Re8 19. Bd2 c4 (19... Qf6 $11 {keeps the balance.}) 20. Qf3 Rb8 21. Bc3 Bc5 22. Re2 f6 23. Nf5 Bb4 $1 24. Bd4 Bc5 25. Bc3 Bb4 $1 26. Ne3 Bc8 27. Bd4 Ba6 28. Nf5 $1 Bc8 (28... c3 $1 $14) 29. Ne3 (29. Rc1 $16) 29... Ba6 $11 30. Nf5 (30. Rd1 $11) 30... Bc8 $1 $16 31. Rc1 Qd7 {[#]} (31... Bxf5 $16 32. Qxf5 c3) 32. Rec2 $1 $18 ({Less strong is} 32. Rxc4 Ba6 $14) 32... Ba6 (32... Qf7 $142 33. Rxc4 Bxf5 34. Qxf5 Re7) 33. h4 gxh4 (33... Bc5 $142 34. Bxc5 dxc5 35. hxg5 fxg5) 34. Qg4 Kf8 {[#]} 35. Bxf6 $1 {[%mdl 512]} gxf6 36. Qxh4 {Threatening mate with Qh8+.} Kg8 37. Re2 Re5 38. Re3 {White threatens Rg3+ and mate.} Rxf5 39. Rh3 (39. exf5 $142 Bd2 40. Rg3+ Bg5 41. f4 {[%mdl 64] Pin}) 39... Rg5 $2 (39... Qg7 $18 40. exf5 Bd2) 40. Qh8+ {[%mdl 64] Double Attack} Kf7 41. Rh7+ {[%mdl 64] Skewer.  Weighted Error Value: White=0.22/Black=0.43} 1-0

[Event "Skilling Open CCT KO 2021"]
[Site "Online"]
[Date "2020.11.26"]
[Round "2.3"]
[White "Nakamura, Hikaru"]
[Black "So, Wesley"]
[Result "1/2-1/2"]
[WhiteElo "2829"]
[BlackElo "2741"]
[Annotator "TA"]
[PlyCount "88"]
[EventDate "2020.11.20"]
[EventType "k.o."]
[EventCountry "NET"]
[SourceTitle "playchess.com"]
[Source "ChessBase"]
[SourceQuality "1"]

{[%evp 13,88,20,25,0,-6,-20,-17,-18,-1,0,24,24,20,19,24,25,25,14,21,18,9,23,17,0,0,0,0,0,5,0,4,4,8,8,10,0,0,0,0,0,8,-20,0,-18,-18,-23,0,0,0,0,0,0,1,0,0,0,0,0,0,0,0,0,0,0,0,0,0,0,0,0,0,0,0,0,0,0,0]} 1. d4 Nf6 2. c4 e6 3. Nf3 d5 4. Nc3 c5 5. cxd5 cxd4 6. Qa4+ Bd7 7. Qxd4 exd5 8. e3 {D41: Queen's Gambit Declined: Semi-Tarrasch with 5 cxd5.} Nc6 9. Qd1 Bb4 10. Be2 {[#]} (10. Bd2 O-O 11. a3 Ba5 12. Be2 Bg4 13. O-O d4 14. exd4 Nxd4 15. Nxd4 Qxd4 16. Be3 Qxd1 17. Bxd1 Bxc3 18. bxc3 {½-½ (26) Nakamura,H (2769)-So,W (2778) Paris 2018}) 10... Ne4 $146 ({Predecessor:} 10... O-O 11. O-O Be6 12. Nb5 Ne4 13. a3 Bc5 14. b4 Qf6 15. Rb1 Bb6 16. Bb2 Qg6 {½-½ (23) Valdes Escobar,A (2372)-Delaney,K (2196) Dublin 2018}) 11. Bd2 Bxc3 (11... Be6 {with more complications.} 12. O-O O-O 13. Rc1 Re8 14. a3 Be7) 12. Bxc3 Nxc3 13. bxc3 Be6 14. Rb1 Qc7 15. O-O O-O 16. Ng5 Rad8 17. Qc2 {[%csl Gg5][%cal Rc2h7] [#]} g6 18. Nxe6 fxe6 19. c4 Ne5 {[%cal Re5c4]} 20. c5 b6 21. Rbc1 bxc5 22. Qxc5 Qxc5 23. Rxc5 Rc8 24. Ra5 Rc2 25. Bd1 Rc7 26. Ra6 Kf7 27. Bb3 Nd3 28. h4 Nc5 29. Ra5 Nxb3 30. axb3 $11 {[%mdl 4096] Endgame KRR-KRR. The position is equal.} Rb8 31. Rfa1 Rxb3 32. Rxa7 Rbc3 33. Kh2 h5 34. Ra8 Rc1 35. R1a4 R1c4 36. g3 Rxa4 37. Rxa4 {KR-KR} Rc4 38. Ra7+ Kf6 39. Ra8 d4 40. exd4 Rxd4 41. Rf8+ Kg7 42. Ra8 Kf6 43. Rf8+ Kg7 44. Ra8 Kf6 {A rather calm draw.  Weighted Error Value: White=0.04/Black=0.03} 1/2-1/2

[Event "Skilling Open CCT KO 2021"]
[Site "Online"]
[Date "2020.11.26"]
[Round "2.3"]
[White "Nepomniachtchi, Ian"]
[Black "Carlsen, Magnus"]
[Result "1-0"]
[WhiteElo "2778"]
[BlackElo "2881"]
[Annotator "TA"]
[PlyCount "79"]
[EventDate "2020.11.20"]
[EventType "k.o."]
[EventCountry "NET"]
[SourceTitle "playchess.com"]
[Source "ChessBase"]
[SourceQuality "1"]

{[%evp 20,79,10,12,10,15,17,0,11,11,18,14,36,-14,0,0,0,0,0,0,0,0,0,0,0,0,0,0,0,-21,-25,-26,-12,-53,-22,-39,-69,-39,-75,-52,0,0,0,-204,160,160,210,193,4132,2127,1505,1303,1253,1085,29990,29991,29991,29992,29996,29997,29997,29998]} 1. e4 e5 2. Nf3 Nc6 3. Bb5 a6 4. Ba4 Nf6 5. O-O Be7 6. d3 d6 7. c3 O-O 8. Nbd2 Re8 9. Re1 Bf8 10. d4 b5 11. Bc2 exd4 {C91: Closed Ruy Lopez: 7...d6 8 c3 0-0 9 d4.} 12. cxd4 Bg4 13. Nf1 g6 {The position is equal.} 14. Ng3 Bg7 15. Be3 Nd7 {[#]} 16. Rc1 $146 ({Predecessor:} 16. Qd2 Bxf3 17. gxf3 Qf6 18. e5 dxe5 19. Be4 exd4 20. Bg5 Qd6 21. Rac1 Nde5 22. Bxc6 Nxc6 {0-1 (46) Fuchs,F (2274)-Kravtsiv,M (2631) Pardubice 2016}) 16... Bxf3 17. gxf3 Qf6 $1 {[%cal Rc6d4]} 18. Bb3 Nxd4 19. Bxd4 Qxd4 20. Rxc7 Ra7 21. Rxa7 Qxa7 22. Qxd6 Bxb2 23. f4 Nc5 24. Bd5 Bd4 25. Re2 Nd3 {[%cal Rd4f2]} 26. Kg2 Kg7 {[#] Hoping for ...Bc5.} ({Of course not} 26... Nxf2 $6 27. e5 $14) 27. Rd2 Bc5 28. Qc6 Nxf4+ 29. Kf3 Rd8 (29... Bb4 $15 30. Rb2 Qb8 31. Rxb4 Rc8) 30. Kxf4 $11 {Threatens to win with Rc2.} Rd6 $1 {[%cal Rd6c6]} 31. Qe8 $2 {[#]} (31. Qc8 $1 $11 {and White is okay.}) 31... Bxf2 $2 (31... Qc7 $1 $19 32. Qe5+ f6) 32. Kg4 $16 Rf6 {Strongly threatening ...Qe3.} 33. e5 h5+ $2 (33... Rf4+ 34. Kxf4 Be3+ 35. Kf3 Bxd2) 34. Kh3 $18 Rf4 35. e6 fxe6 36. Bxe6 Bd4 37. Nxh5+ {White mates.} gxh5 38. Rg2+ Kf6 39. Rg6+ (39. Bd5 Rg4 $18) 39... Ke5 40. Bb3+ {Weighted Error Value: White=0.22/Black=0.52} 1-0